000 01203nam0a22002771 4500
001 rc\4427892
005 20250611172627.0
021 _aRU
_b[62-87517]
035 _a(NLR Aleph) 008310009
090 _a8691024
_c8691024
100 _a20130416d1962 |||y0rusy50 ca
101 1 _arus
_carm
102 _aRU
105 _aac z |||||
200 1 _aНовеллы
_eПер. с арм.
_f[Сост. и послесл. А. Салахяна]
210 _aМосква
_cГослитиздат
_d1962
215 _a247 с., 1 л. портр.
_cил.
_d17
327 1 _aСодерж.: Вдова; Армениса; Господи, помилуй!; Якорь; Тефарик; Жертва долга; Аинка; Джейран; Шутка; Забухо, и другие новеллы
464 0 _12001#$aВдова$aАрмениса$aГосподи, помилуй!$aЯкорь$aТефарик$aЖертва долга$aАинка$aДжейран$aШутка$aЗабухо
_tЗабухо
700 1 _aЗохраб
_bГ.
_f1861-1915
_gГригор
702 1 _aСалахян
_bА.
_4220
_4080
801 0 _aRU
_bNLR
_gpsbo
801 1 _aRU
_bELAR
_2rusmarc
852 _aNLR
_j63-2/25
942 _cBOOK
980 _aNB